Szepsi: Újabb koporsószeg a hatalomnak

Bibliographic Details
Main Author: -balassa- (Author)
Format: Article
Language:Hungarian
Slovak
Subjects:

MARC

LEADER 00000nab a2200000 a 4500
001 vtls000924698
003 SK-MaSNL
005 20260319073808.0
008 040720e19980617xo 0 hun
035 |a KE33575 
040 |a KEVKJB  |b slo  |c KEVKJB  |e AACR2 
041 1 |h slo 
044 |a xo  |c SK 
080 |a 323.15  |2 1981 
080 |a 323.233  |2 1981 
100 0 |a -balassa-  |4 aut  |9 894772 
245 1 0 |a Szepsi: Újabb koporsószeg a hatalomnak 
650 0 7 |a národnostné menšiny  |2 KEVKJB  |9 2669 
650 0 7 |a mítingy  |2 KEVKJB  |9 883064 
651 7 |a Moldava nad Bodvou (Slovensko)  |2 KEVKJB  |9 20255 
651 7 |a KS,  |2 KEVKJB  |9 880381 
655 7 |a periodikum  |2 snkbucl  |9 29553 
773 0 8 |t Szabad Újság  |g Roč. 6  |g Roč. 28, č.24, 17.6.1998, s. 9 
852 |a ZVYKNI  |b KIS3GCP 
999 |c 1670608  |d 1672538